01151nam a2200277Ia 4500001001100000003000500011008004100016010001100057040000900068090002200077100004300099245020200142260003400344300002200378502010500400700005100505710005800556901002200614902000600636905006300642910000900705942000900714942001200723999001900735952011900754Para_10174CHAP220125sDici xx 000 0 und d a208711 cCHAP aPA CD - TESIS 232 aGalván Sánchez, Juan Pablo9125691 aEvaluación del comportamiento de tres especies de cobertura viva y métodos de control de malezas en Chapingo, México /c Juan Pablo Galván Sánchez. Director Juan Lorenzo Medina Pitalúa aChapingo, Méx. :b el autor a1 CDS ROM (54 p.) aTesis (Ing. Agr. Esp. en Parasitología Agrícola). UACh. Departamento Parasitología Agrícola aMedina Pitalua, Juan Lorenzo. Director9175114 aUACh. Departamento Parasitología Agrícola9164025 aPA CD - TESIS 232 aM a513220Diciembre, 2012 nm 8100000000 06 aDici cPARA cPARAd2 c208711d208711 00102local4051708TESISaPAbPAc10d2015-03-27fPARAl0pPA_010340r2022-01-25 00:00:00t1w2022-01-25yTDz3